New way of the world: on neoliberal society (Record no. 12445)

MARC details
000 -LEADER
fixed length control field 00449nam a2200169Ia 4500
008 - FIXED-LENGTH DATA ELEMENTS--GENERAL INFORMATION
fixed length control field 230917s9999||||xx |||||||||||||| ||und||
020 ## - ISBN
Price GBP20
040 ## - CATALOGING SOURCE
-- 219416
Original cataloging agency VIVEKANANDA LIBRARY
041 ## - Language
-- English
082 ## - DDC NUMBER
Classification number 330.122 D246N
100 ## - MAIN ENTRY--PERSONAL NAME
Personal name Dardot, Plerre
245 #0 - TITLE STATEMENT
Title New way of the world: on neoliberal society
260 ## - PUBLICATION, DISTRIBUTION, ETC. (IMPRINT)
Place of publication, distribution, etc London
Name of publisher, distributor, etc Verso
Date of publication, distribution, etc 2013
300 ## - PHYSICAL DESCRIPTION
Pages vii, 337 p.
500 ## - GENERAL NOTE
General note 1661 05/11/2014 RK1470 05/11/2014 Main Budget
942 ## - ADDED ENTRY ELEMENTS (KOHA)
Koha item type Books
Holdings
Withdrawn status Lost status Damaged status Not for loan Location (home branch) Sublocation or collection (holding branch) Date acquired Koha issues (times borrowed) Koha full call number Accession No. Koha date last seen Koha item type
        VIVEKANANDA LIBRARY VIVEKANANDA LIBRARY 08/12/2014   330.122 D246N 307965 17/09/2023 Books
© Designed and Maintained by Vivekananda Library, MDU Rohtak